| 000 | 00446nam a2200169Ia 4500 | ||
|---|---|---|---|
| 005 | 20250219014112.0 | ||
| 008 | 240331s9999 xx 000 0 und d | ||
| 082 |
_bOLD _a954 |
||
| 100 | _aOldenberg,H | ||
| 245 | 4 |
_aThe dipavamsa : _ban ancient Buddhist Historical Record |
|
| 260 |
_aNew Delhi _bAsian Educational Services _c1982 |
||
| 300 | _a227 p ., | ||
| 650 | _aHistory | ||
| 650 | _aAncient Literature | ||
| 650 | _aLanguage | ||
| 942 | _cL | ||
| 999 |
_c3501 _d3501 |
||